000 00527nam a2200193 i 4500
001 147714
003 ES-MaACL
005 20240427063131.0
007 t|
008 071005s1971 sp ||||1| spa d
080 _a860(82)-14"19"
100 0 _aUrondo, Francisco,
_d1930-1976
_9112195
245 1 0 _aLarga distancia /
_cFrancisco Urondo.
250 _a[1ยช ed.].
260 _aBarcelona :
_bOcnos,
_c[1971]
300 _a106 p. ;
_c18 cm.
852 _aES-MaACL
_jC-45423
_bR.77623
999 _c147714
_d147714